Race Tracks Picture Quiz - Statistics

General Stats
  • This quiz has been taken 1,111 times
  • The average score is 6 of 16
Answer Stats
Picture Answer % Correct
Monaco Street Circuit
83%
Nürburgring Nordschleife
83%
Silverstone Circuit
66%
Sepang International Circuit
63%
Circuit de Spa-Francorchamps
47%
Circuit of the Americas
44%
Circuit Gilles Villneuve
39%
Mount Panorama Circuit
35%
Marina Bay Street Circuit
34%
Suzuka International Racing Course
34%
Autodromo Internazionale del Mugello
20%
Norisring
16%
Circuit Zolder
12%
Watkins Glen International
12%
Salzburgring
8%
Hungaroring
6%
No matching quizzes found
Score Distribution
Percent of People with Each Score
Percentile by Number Answered
Your Score History
You have not taken this quiz